000 00841nam a2200301Ia 4500
001 C7138
003 IT-RoPAU
008 130308s9999 xx 000 0 und d
040 _aIT-RoPAU
040 _cIT-RoPAU
041 _aFRANCESE
100 _aLivet Pierre
100 _gCodice Aut. SPICS: 34450
245 _aConventions et limitations de la communication
245 _bHermes-1-Theorie politique et Communication
250 _a1a ed.
260 _aPARIS
260 _bCNRS
260 _c1988 [1° Ed.:1988 - Ed.Ling.Originale:1988]
300 _a"22 p. (prefazione: no ; testo: 22 [pagine: 121-142])"
500 _aConvenzioni e Limitazioni della Comunicazione.
650 _aSAGGI DI COMUNICAZIONE SOCIALE
650 _eCodice materia Spics: 3807
942 _cBK
957 _71
999 _c44835
_d44835
999 _bSI
999 _g1